[Event "Bucharest Gaudeamus Cup 1st"]
[Site "Bucharest"]
[Date "2011.03.26"]
[Round "2"]
[White "Constantin, Dragos Georgian"]
[Black "Parlog, Constantin"]
[Result "1-0"]
[WhiteElo "2108"]
[BlackElo "1786"]
[PlyCount "73"]
[EventDate "2011.03.25"]
[EventType "swiss"]
[EventRounds "5"]
[EventCountry "ROU"]
[SourceTitle "CBM 141 Extra"]
[Source "ChessBase"]
[SourceDate "2011.05.03"]
[SourceVersion "1"]
[SourceVersionDate "2011.05.03"]
[SourceQuality "1"]

1. e4 c6 2. d4 d5 3. Nc3 dxe4 4. Nxe4 Bf5 5. Ng3 Bg6 6. Nf3 e6 7. h4 h6 8. h5 Bh7 9. Bd3 Bxd3 10. Qxd3 Bd6 11. Ne4 Bc7 12. Bd2 Nf6 13. c4 Nbd7 14. 0-0-0 Nxe4 15. Qxe4 Nf6 16. Qe2 Qe7 17. Kb1 0-0-0 18. Bc3 Rhe8 19. Ne5 Nd7 20. Nxd7 Rxd7 21. d5 cxd5 22. Bxg7 f6 23. Bxh6 Qh7+ 24. Ka1 Qxh6 25. cxd5 Be5 26. dxe6 Rxe6 27. Qg4 Rde7 28. Rc1+ Kb8 29. Rhd1 Qf8 30. Qf5 Rb6 31. Rc2 Ree6 32. f4 Bxb2+ 33. Rxb2 Rxb2 34. Qxe6 Rb6 35. Qd7 Rc6 36. Qd8+ Qxd8 37. Rxd8+ 1-0

[Event "ROM-ch"]
[Site "Eforie Nord"]
[Date "2009.02.02"]
[Round "3"]
[White "Gilea, Lucian"]
[Black "Constantin, Dragos Georgian"]
[Result "1-0"]
[WhiteElo "2279"]
[BlackElo "2054"]
[PlyCount "21"]
[EventDate "2009.01.31"]
[EventType "swiss"]
[EventRounds "9"]
[EventCountry "ROU"]
[SourceTitle "CBM 130 Extra"]
[Source "ChessBase"]
[SourceDate "2009.07.02"]
[SourceVersion "2"]
[SourceVersionDate "2009.07.15"]
[SourceQuality "1"]

1. d4 Nf6 2. Nf3 e6 3. Bg5 Be7 4. Nbd2 d5 5. e3 Nbd7 6. Bd3 c5 7. c3 b6 8. Qa4 0-0 9. Ne5 Nxe5 10. dxe5 Nd7 11. Qh4 1-0